<?xml version="1.0" encoding="UTF-8"?>
<record
    xmlns:xsi="http://www.w3.org/2001/XMLSchema-instance"
    xsi:schemaLocation="http://www.loc.gov/MARC21/slim http://www.loc.gov/standards/marcxml/schema/MARC21slim.xsd"
    xmlns="http://www.loc.gov/MARC21/slim">

  <leader>02835nam a22002177a 4500</leader>
  <controlfield tag="005">20250408092235.0</controlfield>
  <controlfield tag="008">240920b           ||||| |||| 00| 0 eng d</controlfield>
  <datafield tag="040" ind1=" " ind2=" ">
    <subfield code="c">AL</subfield>
  </datafield>
  <datafield tag="041" ind1=" " ind2=" ">
    <subfield code="a">Kannada</subfield>
  </datafield>
  <datafield tag="082" ind1=" " ind2=" ">
    <subfield code="2">23</subfield>
    <subfield code="a">K894.4</subfield>
    <subfield code="b">LAKB</subfield>
  </datafield>
  <datafield tag="100" ind1=" " ind2=" ">
    <subfield code="a">Lakshmisha Tolpadi </subfield>
    <subfield code="9">207831</subfield>
  </datafield>
  <datafield tag="100" ind1=" " ind2=" ">
    <subfield code="9">179654</subfield>
    <subfield code="d">&#xCB2;&#xC95;&#xCCD;&#xCB7;&#xCCD;&#xCAE;&#xCC0;&#xCB6; &#xCA4;&#xCCB;&#xCB3;&#xCCD;&#xCAA;&#xCA1;&#xCBF; </subfield>
  </datafield>
  <datafield tag="245" ind1=" " ind2=" ">
    <subfield code="a">Mahabharata Anusandhanada Bharatayatre  </subfield>
    <subfield code="b">&#xCAE;&#xCB9;&#xCBE;&#xCAD;&#xCBE;&#xCB0;&#xCA4; &#xC85;&#xCA8;&#xCC1;&#xCB8;&#xC82;&#xCA7;&#xCBE;&#xCA8;&#xCA6; &#xCAD;&#xCBE;&#xCB0;&#xCA4;&#xCAF;&#xCBE;&#xCA4;&#xCCD;&#xCB0;&#xCC6; </subfield>
  </datafield>
  <datafield tag="260" ind1=" " ind2=" ">
    <subfield code="a">Bengaluru</subfield>
    <subfield code="b">Abhinava &#xC85;&#xCAD;&#xCBF;&#xCA8;&#xCB5; </subfield>
    <subfield code="c">2024</subfield>
  </datafield>
  <datafield tag="300" ind1=" " ind2=" ">
    <subfield code="a">192 p.</subfield>
    <subfield code="b">PB</subfield>
    <subfield code="c">21x14 cm.</subfield>
  </datafield>
  <datafield tag="520" ind1=" " ind2=" ">
    <subfield code="a">&#xC9A;&#xCBF;&#xC82;&#xCA4;&#xC95;&#xCB0;&#xCC2;, &#xCB9;&#xCBF;&#xCB0;&#xCBF;&#xCAF; &#xCB5;&#xCBF;&#xCA6;&#xCCD;&#xCB5;&#xCBE;&#xC82;&#xCB8;&#xCB0;&#xCC2; &#xC86;&#xCA6; &#xCB2;&#xC95;&#xCCD;&#xCB7;&#xCCD;&#xCAE;&#xCC0;&#xCB6; &#xCA4;&#xCCB;&#xCB3;&#xCCD;&#xCAA;&#xCBE;&#xCA1;&#xCBF; &#xC85;&#xCB5;&#xCB0; &#x2019;&#xCAD;&#xCBE;&#xCB0;&#xCA4; &#xCAF;&#xCBE;&#xCA4;&#xCCD;&#xCB0;&#xCC6;&#x2019; &#xCAA;&#xCC1;&#xCB8;&#xCCD;&#xCA4;&#xC95;&#xCB5;&#xCC1; &#xCAA;&#xCCD;&#xCB0;&#xC9C;&#xCBE;&#xCB5;&#xCBE;&#xCA3;&#xCBF;&#xCAF; &#xCAE;&#xCC1;&#xC95;&#xCCD;&#xCA4;&#xC9B;&#xC82;&#xCA6;&#xCA6;&#xCB2;&#xCCD;&#xCB2;&#xCBF; &#xCAA;&#xCCD;&#xCB0;&#xC95;&#xC9F;&#xCB5;&#xCBE;&#xC97;&#xCC1;&#xCA4;&#xCCD;&#xCA4;&#xCBF;&#xCA6;&#xCCD;&#xCA6; &#x201C;&#xCAE;&#xCB9;&#xCBE;&#xCAD;&#xCBE;&#xCB0;&#xCA4; &#xC85;&#xCA8;&#xCC1;&#xCB8;&#xC82;&#xCA7;&#xCBE;&#xCA8;&#x2019;&#xCA6; &#xC85;&#xC82;&#xC95;&#xCA3;&#xCAC;&#xCB0;&#xCB9;&#xC97;&#xCB3; &#xCB8;&#xC82;&#xC97;&#xCCD;&#xCB0;&#xCB9;. &#xCAE;&#xCB9;&#xCBE;&#xCAD;&#xCBE;&#xCB0;&#xCA4; &#xCB9;&#xCB2;&#xCB5;&#xCBE;&#xCB0;&#xCC1; &#xC95;&#xCB5;&#xCB2;&#xCCA;&#xCA1;&#xCC6;&#xCA6; &#xC9C;&#xCC7;&#xCA1;&#xCB0;&#xCAC;&#xCB2;&#xCC6;&#xCAF;&#xC82;&#xCA4;&#xCB9; &#xCB8;&#xC82;&#xC95;&#xCC0;&#xCB0;&#xCCD;&#xCA3; &#xCB9;&#xCBE;&#xCA6;&#xCBF;, &#xCB9;&#xCB2;&#xCB5;&#xCBE;&#xCB0;&#xCC1; &#xC89;&#xCAA;&#xC95;&#xCA4;&#xCC6;&#xC97;&#xCB3; &#xC9A;&#xCBF;&#xCB2;&#xCC1;&#xCAE;&#xCC6;. &#xCB6;&#xCAC;&#xCCD;&#xCA6;&#xCA6;&#xCBE;&#xC9A;&#xCC6;&#xCAF; &#xCA8;&#xCBF;&#xCB6;&#xCCD;&#xCB6;&#xCAC;&#xCCD;&#xCA6;&#xCA6; &#xCA6;&#xCA8;&#xCBF;&#xCAF;&#xCBE;&#xCA6; &#xCB2;&#xC95;&#xCCD;&#xCB7;&#xCCD;&#xCAE;&#xCC0;&#xCB6; &#xCA4;&#xCCB;&#xCB3;&#xCCD;&#xCAA;&#xCBE;&#xCA1;&#xCBF;&#xCAF;&#xCB5;&#xCB0;&#xCC1; &#xCAE;&#xCB9;&#xCBE;&#xCAD;&#xCBE;&#xCB0;&#xCA4;&#xCA6; &#xCAE;&#xC82;&#xCA5;&#xCA8;&#xCB5;&#xCA8;&#xCCD;&#xCA8;&#xCC1; &#xCB5;&#xCB0;&#xCCD;&#xCA3;&#xCAE;&#xCAF; &#xCAA;&#xCBE;&#xCA4;&#xCCD;&#xCB0;&#xC97;&#xCB3;&#xCC1;, &#xCB8;&#xCA8;&#xCCD;&#xCA8;&#xCBF;&#xCB5;&#xCC7;&#xCB6;&#xC97;&#xCB3; &#xCAE;&#xCC2;&#xCB2;&#xC95; &#xCA4;&#xCAE;&#xCCD;&#xCAE; &#xC86;&#xCA7;&#xCCD;&#xCAF;&#xCBE;&#xCA4;&#xCCD;&#xCAE;&#xCBF;&#xC95; &#xCA8;&#xCBF;&#xC97;&#xCC2;&#xCA2;&#xCA4;&#xCC6;&#xCAF;&#xCA8;&#xCCD;&#xCA8;&#xCC1; &#xC9C;&#xCC0;&#xCB5;&#xCA8; &#xCAA;&#xCCD;&#xCB0;&#xCC0;&#xCA4;&#xCBF;&#xCAF; &#xCB8;&#xCB0;&#xCB3;&#xCA4;&#xCC6;&#xCAF;&#xCA8;&#xCCD;&#xCA8;&#xCBE;&#xC97;&#xCBF; &#xC95;&#xCBE;&#xCA3;&#xCC1;&#xCB5; &#xCA4;&#xCC1;&#xCA1;&#xCBF;&#xCA4;&#xCA6;&#xCB2;&#xCCD;&#xCB2;&#xCBF;&#xCAF;&#xCC7; &#xC87;&#xCB5;&#xCB0; &#xCAE;&#xCBE;&#xCA4;&#xCC1;, &#xCAC;&#xCB0;&#xCB9;&#xC97;&#xCB3;&#xCC1; &#xCB8;&#xCBE;&#xC97;&#xCC1;&#xCB5;&#xC82;&#xCA4;&#xCA6;&#xCCD;&#xCA6;&#xCC1;. 

&#xCAE;&#xCB9;&#xCBE;&#xCAD;&#xCBE;&#xCB0;&#xCA4;&#xCB5;&#xCA8;&#xCCD;&#xCA8;&#xCC1; &#xC85;&#xCB0;&#xCCD;&#xCA5; &#xCAE;&#xCBE;&#xCA1;&#xCBF;&#xC95;&#xCCA;&#xCB3;&#xCCD;&#xCB3;&#xCC1;&#xCB5;&#xCC1;&#xCA6;&#xCC1;, &#xC87;&#xCA6;&#xCB0; &#xC9C;&#xCCA;&#xCA4;&#xCC6;&#xC97;&#xCC6; &#xCB8;&#xCBE;&#xC97;&#xCC1;&#xCB5;&#xCC1;&#xCA6;&#xCC1; &#xCB8;&#xCB0;&#xCB3;&#xCB5;&#xCBE;&#xCA6; &#xCB5;&#xCBF;&#xCB7;&#xCAF;&#xCB5;&#xCB2;&#xCCD;&#xCB2;,&#xCAE;&#xCB9;&#xCBE;&#xCAD;&#xCBE;&#xCB0;&#xCA4;&#xCA6; &#xC92;&#xCB3;&#xC97;&#xCBF;&#xCA8;&#xCBF;&#xC82;&#xCA6;&#xCB2;&#xCC7; &#xC92;&#xC82;&#xCA6;&#xCC1; &#xC95;&#xCC7;&#xCB6;&#xCAA;&#xCBE;&#xCB6; &#xCAA;&#xCCD;&#xCB0;&#xCAA;&#xC82;&#xC9A; &#xCA8;&#xCAE;&#xCCD;&#xCAE;&#xCC6;&#xCA6;&#xCC1;&#xCB0;&#xCC1; &#xCA4;&#xCC0;&#xCB0; &#xCAA;&#xCCD;&#xCB0;&#xC95;&#xC9F;&#xC97;&#xCCA;&#xCB3;&#xCCD;&#xCB3;&#xCC1;&#xCB5;&#xCC1;&#xCA6;&#xCC1; &#xCA6;&#xCCA;&#xCA1;&#xCCD;&#xCA1;&#xCA6;&#xCCA;&#xC82;&#xCA6;&#xCC1; &#xCAC;&#xCC0;&#xCB8;&#xCBF;&#xCA8;&#xCB2;&#xCCD;&#xCB2;&#xCBF; &#xCAC;&#xCA6;&#xCC1;&#xC95;&#xCA8;&#xCCD;&#xCA8;&#xCC1; &#xCA8;&#xCCB;&#xCA1;&#xCAC;&#xCAF;&#xCB8;&#xCC1;&#xCB5;&#xC82;&#xCA4;&#xCB9; &#xCAE;&#xCA4;&#xCCD;&#xCA4;&#xCC1; &#xC95;&#xCC7;&#xCB5;&#xCB2; &#xCAA;&#xCA0;&#xCCD;&#xCAF;&#xCB5;&#xCBE;&#xC97;&#xCBF; &#xC85;&#xC82;&#xCA4;&#xCBF;&#xCAE; &#xC85;&#xCB0;&#xCCD;&#xCA5;&#xC95;&#xCCD;&#xC95;&#xCC6; &#xCB8;&#xCBF;&#xCB2;&#xCC1;&#xC95;&#xCA6;&#xCC6;, &#xCA8;&#xCBF;&#xCB2;&#xCC1;&#xCB5;&#xCBF;&#xC97;&#xCC6; &#xCA4;&#xCB2;&#xCC1;&#xCAA;&#xCA6;&#xCC6; &#xCB8;&#xCA6;&#xCBE; &#xCAD;&#xCBE;&#xCB7;&#xCC6;- &#xCAC;&#xCA6;&#xCC1;&#xC95;&#xCC1;&#xC97;&#xCB3; &#xCA8;&#xCA1;&#xCC1;&#xCB5;&#xCC6; &#xCA4;&#xCC2;&#xC97;&#xCC1;&#xCA4;&#xCCD;&#xCA4;&#xCBF;&#xCB0;&#xCC1;&#xCB5; &#xCA4;&#xCCA;&#xC9F;&#xCCD;&#xC9F;&#xCBF;&#xCB2;&#xCBF;&#xCA8;&#xC82;&#xCA4;&#xCC6; &#x2019;&#xCAD;&#xCBE;&#xCB0;&#xCA4; &#xCAF;&#xCBE;&#xCA4;&#xCCD;&#xCB0;&#xCC6;&#x2019; &#xCAA;&#xCCD;&#xCB0;&#xC95;&#xC9F;&#xC97;&#xCCA;&#xC82;&#xCA1;&#xCBF;&#xCA6;&#xCC6;.</subfield>
  </datafield>
  <datafield tag="650" ind1=" " ind2=" ">
    <subfield code="a">An approch to Indian epic Mahabharata</subfield>
    <subfield code="9">179614</subfield>
  </datafield>
  <datafield tag="650" ind1=" " ind2=" ">
    <subfield code="a">Mahabharata &#xCAE;&#xCB9;&#xCBE;&#xCAD;&#xCBE;&#xCB0;&#xCA4;</subfield>
    <subfield code="9">179615</subfield>
  </datafield>
  <datafield tag="650" ind1=" " ind2=" ">
    <subfield code="a">Mahabharata short stories</subfield>
    <subfield code="9">179905</subfield>
  </datafield>
  <datafield tag="942" ind1=" " ind2=" ">
    <subfield code="2">ddc</subfield>
    <subfield code="c">BK</subfield>
  </datafield>
  <datafield tag="999" ind1=" " ind2=" ">
    <subfield code="c">231852</subfield>
    <subfield code="d">231852</subfield>
  </datafield>
  <datafield tag="952" ind1=" " ind2=" ">
    <subfield code="0">0</subfield>
    <subfield code="1">0</subfield>
    <subfield code="2">ddc</subfield>
    <subfield code="4">0</subfield>
    <subfield code="7">0</subfield>
    <subfield code="8">KAN</subfield>
    <subfield code="a">AL</subfield>
    <subfield code="b">AL</subfield>
    <subfield code="d">2024-09-14</subfield>
    <subfield code="e">Navakarnataka Publications Pvt Ltd Mangaluru-575001</subfield>
    <subfield code="g">160.00</subfield>
    <subfield code="l">0</subfield>
    <subfield code="o">K894.4 LAKB</subfield>
    <subfield code="p">077343</subfield>
    <subfield code="r">2024-09-20 00:00:00</subfield>
    <subfield code="v">200.00</subfield>
    <subfield code="y">BK</subfield>
  </datafield>
</record>
